Loading...
| History - European | 0 | 6 | 0 | 1 | 60 | 35 | 68.33 | 0 | 1 | 20.90 | 27.78 |
| History - World | 0 | 5 | 0 | 0 | 50 | 32 | 53.40 | 0 | 4 | 25.18 | 32.22 |
| Current Events | 0 | 3 | 0 | 1 | 30 | 74 | 96.67 | 0 | 0 | 5.53 | 17.78 |
| Science - Physics | 0 | 3 | 0 | 0 | 30 | 54 | 65.33 | 0 | 1 | 11.47 | 16.67 |
| Science - Other | 0 | 3 | 1 | 0 | 25 | 46 | 69.67 | 0 | 0 | 11.28 | 17.78 |
| Literature - World | 0 | 2 | 0 | 0 | 20 | 93 | 100.50 | 0 | 0 | 3.27 | 5.56 |
| Fine Arts - Other | 0 | 2 | 0 | 1 | 20 | 76 | 94.50 | 0 | 0 | 3.42 | 2.22 |
| Popular Culture | 0 | 2 | 0 | 1 | 20 | 60 | 84.50 | 0 | 0 | 9.27 | 17.78 |
| Philosophy | 0 | 1 | 0 | 0 | 10 | 81 | 81.00 | 0 | 0 | 2.67 | 2.78 |
| Religion | 0 | 1 | 0 | 0 | 10 | 73 | 73.00 | 0 | 0 | 3.30 | 3.33 |
| Geography | 0 | 1 | 0 | 0 | 10 | 87 | 87.00 | 0 | 0 | 4.18 | 8.89 |
| History - Other | 0 | 1 | 0 | 0 | 10 | 60 | 60.00 | 0 | 0 | 4.55 | 4.44 |
| Social Science | 0 | 1 | 1 | 0 | 5 | 84 | 84.00 | 0 | 0 | 3.38 | 7.94 |
| History - American | 0 | 1 | 1 | 0 | 5 | 57 | 57.00 | 0 | 1 | 4.52 | 7.78 |